00432nam a22001577a 450000500170000001000150001702000260003203500140005803700130007208200150008510000190010024500430011926000380016227000540020030000200025420200612153334.0 aENG-128195 c850.00a9788194081920 aEN-111727 bDBAD/PUB a345.540255 aMishra,Archana aHuman trafficking /cby Archana Mishra aNew DelhibGoel Publicationc2019 aG-floor, Ansari Road,DaryaganjbNew Delhie110002 a295p.c22cm(hb)